Loading...
| Literature - British | 0 | 3 | 0 | 0 | 30 | 32 | 66.33 | 1 | 3 | 12.56 | 22.50 |
| Literature - European | 0 | 3 | 0 | 1 | 30 | 92 | 100.33 | 0 | 2 | 3.54 | 10.00 |
| Literature - American | 0 | 2 | 0 | 0 | 20 | 93 | 107.50 | 2 | 2 | 2.81 | 17.50 |
| Science - Biology | 0 | 2 | 0 | 1 | 20 | 93 | 97.00 | 0 | 2 | 0.39 | 12.50 |
| Science - Chemistry | 0 | 2 | 0 | 2 | 20 | 103 | 104.00 | 0 | 0 | 0.00 | 5.00 |
| Science - Other | 0 | 1 | 0 | 0 | 10 | 67 | 67.00 | 0 | 1 | 3.80 | 5.00 |
| Fine Arts - Other | 0 | 1 | 0 | 1 | 10 | 81 | 81.00 | 0 | 1 | 3.14 | 7.50 |
| Science - Physics | 0 | 1 | 0 | 0 | 10 | 50 | 50.00 | 0 | 1 | 5.58 | 2.50 |
| Fine Arts - Painting and Sculpture | 0 | 1 | 0 | 0 | 10 | 89 | 89.00 | 0 | 1 | 2.46 | 5.00 |
| Geography | 0 | 1 | 0 | 1 | 10 | 106 | 106.00 | 0 | 0 | 0.00 | 5.00 |
| History - Other | 0 | 1 | 0 | 0 | 10 | 92 | 92.00 | 0 | 1 | 1.64 | 5.00 |
| Popular Culture | 0 | 1 | 0 | 0 | 10 | 47 | 47.00 | 1 | 1 | 9.55 | 16.67 |